[Event "SVK-ch U12 Girls"]
[Site "Liptovsky Mikulas"]
[Date "2017.04.24"]
[Round "4"]
[White "Bajzova, Livia"]
[Black "Dubanova, Kristina"]
[Result "1-0"]
[WhiteElo "1651"]
[BlackElo "1000"]
[PlyCount "53"]
[EventDate "2017.04.22"]
[EventType "swiss"]
[EventRounds "9"]
[EventCountry "SVK"]
[SourceTitle "CBM 178 Extra"]
[Source "ChessBase"]
[SourceDate "2017.06.22"]
[SourceVersion "1"]
[SourceVersionDate "2017.06.22"]
[SourceQuality "1"]

1. e4 e5 2. Nf3 Nc6 3. Bc4 Bc5 4. Nc3 Nf6 5. d3 0-0 6. Bg5 Bb4 7. Qd2 d6 8. h3 Nd4 9. a3 Bc5 10. Nxd4 Bxd4 11. 0-0-0 c6 12. Rhf1 b5 13. Bb3 Rb8 14. f4 Be6 15. Bxe6 fxe6 16. fxe5 dxe5 17. Ne2 Bc5 18. Ng3 b4 19. axb4 Bxb4 20. Qe3 h6 21. Bxf6 gxf6 22. Qxh6 Rb7 23. Nh5 Rh7 24. Qg6+ Kh8 25. Nxf6 Rg7 26. Qh6+ Rh7 27. Qxh7# 1-0

[Event "SVK-ch U12 Girls"]
[Site "Liptovsky Mikulas"]
[Date "2017.04.23"]
[Round "3"]
[White "Sosovickova, Jana"]
[Black "Bajzova, Livia"]
[Result "1-0"]
[WhiteElo "1309"]
[BlackElo "1651"]
[PlyCount "103"]
[EventDate "2017.04.22"]
[EventType "swiss"]
[EventRounds "9"]
[EventCountry "SVK"]
[SourceTitle "CBM 178 Extra"]
[Source "ChessBase"]
[SourceDate "2017.06.22"]
[SourceVersion "1"]
[SourceVersionDate "2017.06.22"]
[SourceQuality "1"]

1. e4 e5 2. Nf3 Nc6 3. Bc4 Bc5 4. d3 Nf6 5. Nc3 h6 6. h3 d6 7. Be3 Bb6 8. Qd2 Bd7 9. g4 g5 10. 0-0-0 Qe7 11. Rhg1 0-0-0 12. Bxb6 axb6 13. Nd5 Nxd5 14. Bxd5 Qf6 15. Qe3 Nb4 16. Bb3 Be6 17. d4 Nxa2+ 18. Bxa2 Bxa2 19. b3 exd4 20. Rxd4 c5 21. Qc3 Kb8 22. Rd3 Qf4+ 23. Kb2 Bxb3 24. Qxb3 Rhe8 25. Qxb6 Qxe4 26. Re3 Qb4+ 27. Qxb4 cxb4 28. Rge1 Rxe3 29. Rxe3 Kc7 30. Re7+ Rd7 31. Rxd7+ Kxd7 32. Kb3 Kc6 33. Kxb4 f6 34. Kc4 d5+ 35. Kd4 Kd6 36. h4 b6 37. hxg5 hxg5 38. Ne1 Kc6 39. Nd3 Kd6 40. Nb4 b5 41. Nxd5 Ke6 42. Nc7+ Kd6 43. Nxb5+ Ke6 44. c4 f5 45. gxf5+ Kxf5 46. Ke3 Ke6 47. Ke4 Kd7 48. Kd5 Kc8 49. Kd6 Kd8 50. c5 Kc8 51. c6 Kd8 52. c7+ 1-0